| Поле | Инд. | ПП | Название | Значение |
|---|---|---|---|---|
| Тип записи | a | |||
| Библиографический уровень | a | |||
| 001 | Контрольный номер | 322eb6959bfa4b19a4cbc0e86e81d536 | ||
| 005 | Дата корректировки | 20260423091308.3 | ||
| 020 | a | ISBN | 978-5-907919-723 | |
| 040 | a | Служба первич. каталог. | НБ ТвГУ | |
| b | Код языка каталог. | rus | ||
| e | Правила каталог. | PSBO | ||
| 041 | 0_ | a | Код языка текста | rus |
| 097 | b | Оператор | Komarova.ES | |
| 100 | 1_ | a | Автор | Соловьева Екатерина Александровна |
| q | Полное имя | Соловьева Е. А. | ||
| 245 | 10 | a | Заглавие | Роль взрослого в процессе самопознания героя в современной отечественной литературе для подростков |
| 260 | a | Место издания | Москва | |
| b | Издательство | Московский союз литераторов | ||
| 504 | a | Библиография | Библиогр. в подстроч. примеч. | |
| 520 | 0_ | a | Аннотация | Данная статья посвящена рассмотрению роли взрослого, его влияния на процесс самопознания героя произведений современной отечественной литературы для подростков. Материалом исследования послужили повести С. Орловой «Голова–жестянка», Н. Шицкой «Собачелла», С. Потаповой «Я живу в шкафу». |
| 653 | 0_ | a | Ключевые слова | Подростки |
| a | Ключевые слова | Современная литература | ||
| a | Ключевые слова | Подростковая литература | ||
| a | Ключевые слова | Самопознание в литературе | ||
| a | Ключевые слова | Герой-подросток | ||
| 700 | 12 | a | Другие авторы | Карандашова Ольга Святославовна |
| q | Полное имя | Карандашова О. С. | ||
| 773 | 18 | w | Контрольный № источника | b6c41c0621c24b1a8844e5348daa290e |
| t | Название источника | IV международная научно-практическая конференция "Русский язык и литература в современном мире: как сохранить национальный культурный код" | ||
| d | Место и дата издания | Москва : Московский союз литераторов, 2026 | ||
| g | Прочая информация | С. 115-121 | ||
| 901 | t | Тип документа | a | |
| 920 | a | Оператор | Кома | |
| 954 | b | Дата поступления в ОК | 20260423 |